000
00243nam a2200097Ia 4500
008
190216s9999||||xx |||||||||||||| ||und||
100
_a
Piskumow
245
0
_a
Differential And Integral Calculus-Volume-2
260
_b
Mir Publishers
942
_c
BK
999
_c
30687
_d
30687